000 00591nam a2200169 a 4500
001 000041041
005 20201002034555.0
008 130913s1991 sp 000 0 spa d
020 _a8400054385
040 _aDO-SdBNP
_bspa
_cBNPHU
100 1 _aCaro Baroja, Julio
_915231
245 1 3 _aLa aurora del pensamiento antropológico :
_bla antropología en los clásicos griegos y latinos /
_cJulio Caro Baroja.
250 _a2a ed.
260 _aMadrid :
_bConsejo Superior de Investigaciones Científicas,
_c1991.
300 _a236 p. ;
_c25 cm.
500 _aIncluye notas al pie de las páginas
999 _c40531
_d40531